000 00652nam a22001937a 4500
999 _c4868
_d4868
003 AR-CdUCM
008 190311b ||||| |||| 00| 0 spa d
040 _aMUNICIPALIDAD PROVINCIAL DEL CUSCO
_cBIBLIOTECA MUNICIPAL DEL CUSCO
082 _a869.58 /
_bZ75
100 _aZevallos Vera, Manuel
_914975
245 _aArequipa, espíritu y materia :
_bestampas folklóricas /
260 _aArequipa :
_bImprenta de la Universidad Nacional del Gran Padre San Agustín,
_c1965.
300 _a74 páginas ;
_c21 cm.
500 _aDonación familia Nieto
650 _aPoesías peruanas
_91481
650 _aSiglo XX
_98
942 _2ddc
_cLIBROS
945 _aafb